| 000 | 00000nam 2200000za 4500 |
| 001 | 9.611058 |
| 003 | CaOODSP |
| 005 | 20241118080049 |
| 007 | ta |
| 008 | 150406|1994||||xxc||||| f|0| 0 eng d |
| 020 | |a0-662-21491-9 |
| 040 | |aCaOODSP|beng |
| 043 | |an-cn--- |
| 086 | 1 |aP62-40/2-1994E |
| 110 | 2 |aCanada Communication Group. |bPublishing. |
| 245 | 10|aEnvironment catalogue. |
| 260 | |aOttawa - Ontario : |bCanada Communication Group. |c1994. |
| 300 | |a32p. : |billus. ; |c23 cm. |
| 490 | 1 |aCanada Communication Group publications on |
| 500 | |a"This catalogue has been produced to provide you with the most accurate and up-to-date information on the environment available from the Canadian federal government. The priced publications listed, cover a wide range of environmental issues and are available in both official languages."--Page 1. N.B.: Incorrect ISBN (0-660-21491-9) printed in this publication. |
| 520 | 3 |aThis catalogue has been produced to provide you with the most accurate and up-to-date information on the environment available from the Canadian federal government. The priced publications listed, cover a wide range of environmental issues and are available in both official languages.--Page 1 |
| 563 | |aSoftcover |
| 590 | |a94-18|b1994-05-06 |
| 690 | 07|aEnvironment|2gcpds |
| 690 | 07|aGovernment publications|2gcpds |
| 776 | 0#|tEnvironment catalogue.|w(CaOODSP)9.945254 |
| 830 | #0|aCanada Communication Group publications on.|w(CaOODSP)9.514855 |